| 000 | 01032cam a2200289 a 4500 | ||
|---|---|---|---|
| 999 |
_c4054 _d4054 |
||
| 001 | 16607980 | ||
| 003 | GZU | ||
| 005 | 20210311115124.0 | ||
| 008 | 110112s2012 enka b 001 0 eng | ||
| 010 | _a 2011920557 | ||
| 020 | _a9780857028877 | ||
| 020 | _a9780857028884 (pbk.) | ||
| 040 |
_aDLC _cDLC _dDLC |
||
| 042 | _apcc | ||
| 050 | 0 | 0 |
_aP 93.5 _b.ROS 2012 |
| 100 | 1 |
_aRose, Gillian, _d1962- |
|
| 245 | 1 | 0 |
_aVisual methodologies : _ban introduction to researching with visual materials / _cGillian Rose. |
| 250 | _a3rd ed. | ||
| 260 |
_aLondon ; _aThousand Oaks, Calif. : _bSAGE, _c2012. |
||
| 300 |
_axx, 386 p. : _bill. (some col.) ; _c25 cm. |
||
| 504 | _aIncludes bibliographical references (p. [354]-375) and index. | ||
| 650 | 0 | _aVisual communication. | |
| 650 | 0 | _aVisual literacy. | |
| 906 |
_a7 _bcbc _corignew _d2 _eepcn _f20 _gy-gencatlg |
||
| 942 |
_2lcc _cBK _e3rd ed. _h93.5 _iROS _kP |
||